| 000 | 02305nam a22003497a 4500 | ||
|---|---|---|---|
| 001 | 101291 | ||
| 003 | KnowledgeUnlatched | ||
| 005 | 20210303105150.0 | ||
| 006 | m o d | ||
| 007 | cr u|||||||||| | ||
| 008 | 210129p20172019xxk o u00| u eng d | ||
| 037 | _5BiblioBoard | ||
| 245 | 0 | 0 |
_aScience Fiction Cinema and 1950s Britain _bRecontextualising the Golden Age / _cMatthew Jones. |
| 020 | _a9781501322532 | ||
| 029 | 1 | _ahttps://library.biblioboard.com/ext/api/media/c4494b0d-b234-41c2-8803-be5eac6cdc9e/assets/thumbnail.jpg | |
| 040 |
_aScCtBLL _cScCtBLL |
||
| 100 | 1 |
_aJones, Matthew _eauthor. |
|
| 264 | 1 | _bBloomsbury Academic, | |
| 300 | _a1 online resource (242 p.) | ||
| 506 | 0 |
_aAccess copy available to the general public. _fUnrestricted _2star |
|
| 520 | _aFor the last fifty years, discussion of 1950s science fiction cinema has been dominated by the view that the genre reflected US paranoia about Soviet brainwashing and the nuclear bomb. However, classic films, such as Invasion of the Body Snatchers (1956) and It Came from Outer Space (1953), were regularly exported to countries across the world. The histories of their encounters with foreign audiences have not yet been told. Science Fiction Cinema and 1950s Britain begins this task by recounting the story of 1950s British cinema-goers and the aliens and monsters they watched on the silver screen. Drawing on extensive archival research, Matthew Jones makes an exciting and important intervention in the field by locating 1950s American science fiction films alongside their domestic counterparts in their British contexts of release and reception. | ||
| 588 | 0 | _aDescription based on print version record. | |
| 590 | _aKU Select 2017: Front list Collection | ||
| 650 | 7 |
_aPerforming Arts / Film / History & Criticism _2bisacsh |
|
| 650 | 0 | _aPerforming arts | |
| 655 | 0 | _aElectronic books. | |
| 758 |
_iIs found in: _aKnowledge Unlatched _1https://openresearchlibrary.org/module/2774bc74-146a-484f-a7ba-ab1d6a09bbfb |
||
| 856 | 4 | 0 |
_uhttps://openresearchlibrary.org/content/c4494b0d-b234-41c2-8803-be5eac6cdc9e _zView this content on Open Research Library. _70 |
| 999 |
_c33808 _d33808 |
||